| 000 | 00622nam a22001935i 4500 | ||
|---|---|---|---|
| 001 | 158423 | ||
| 003 | ES-MaACL | ||
| 005 | 20230906211137.0 | ||
| 008 | 040830s1874 gw |||| | eng d | ||
| 040 |
_aCAM _bspa _cCAM |
||
| 100 | 1 |
_aMacquoid, Katharine Sarah. _9129302 |
|
| 245 | 1 | 0 |
_aToo soon _b: a study of a girl's heart / _cby Mrs. Macquoid. |
| 260 |
_aLeipzig : _bBernhard Tauchnitz, _c1874. |
||
| 300 |
_a351 p. ; _c16 cm. |
||
| 490 | 1 |
_aCollection of british authors ; _v1396 |
|
| 830 | 0 |
_aCollection of british authors ; _v1396 _9180703 |
|
| 852 |
_aES-MaACL _jG-11824 _z-- Enc. hol. |
||
| 999 |
_c158423 _d158423 |
||